Aves amenazadas de las Américas: (Registro nro. 16511)

Detalles MARC
000 -CABECERA
Campo de control 01135ama a2200349 4500
005 - FECHA Y HORA DE LA ULTIMA TRANSACCION
Campo de control 20200104041724.0
008 - ELEMENTOS DE LONGITUD FIJA—INFORMACION GENERAL
Campo de control 170214b xxu||||| |||| 00| 0 spa d
040 ## - FUENTE DE CATALOGACIÓN
Agencia catalogadora original CO-BoIAVH
Agencia transcriptora CO-BoIAVH
041 ## - IDIOMA
Código de idioma para texto/pista de sonido o título separado Español
044 ## - PAÍS DE PUBLICACIÓN
País de publicación Reino Unido
090 ## - CLASIFICACIÓN LOCAL
Colección MM
Consecutivo 00135
100 1# - ASIENTO PRINCIPAL--NOMBRE PERSONAL
Nombre personal Collar, N. J.
9 (RLIN) 79609
110 1# - ASIENTO PRINCIPAL--NOMBRE CORPORATIVO
Nombre corporativo o de jurisdicción como elemento de entrada BirdLife International
9 (RLIN) 79610
245 10 - MENCION DE TITULO
Título Aves amenazadas de las Américas:
Version libro rojo de BirdLife International / UICN
256 ## - CARACTERÍSTICAS DE ARCHIVO(S)
Características de archivos Archivo ejecutable
260 ## - PUBLICACION, DISTRIBUCION, ETC. (PIE DE IMPRENTA)
Lugar de publicación, distribución, etc. Cambridge:
Nombre del editor, distribuidor, etc. BirdLife International,
Fecha de publicación, distribución, etc. 2003.
300 ## - DESCRIPCION FISICA
Extensión 1 CD-ROM
500 ## - NOTA GENERAL
Nota general Descripción de las especies en archivos individuales en pdf
650 14 - ASIENTO SECUNDARIO DE MATERIA - TERMINO TEMATICO
Término temático o nombre geográfico como elemento de entrada Fauna
9 (RLIN) 92594
650 14 - ASIENTO SECUNDARIO DE MATERIA - TERMINO TEMATICO
Término temático o nombre geográfico como elemento de entrada Aves
9 (RLIN) 92429
650 14 - ASIENTO SECUNDARIO DE MATERIA - TERMINO TEMATICO
Término temático o nombre geográfico como elemento de entrada Ornitología
9 (RLIN) 93189
650 14 - ASIENTO SECUNDARIO DE MATERIA - TERMINO TEMATICO
Término temático o nombre geográfico como elemento de entrada Conservación de fauna
9 (RLIN) 4359
650 14 - ASIENTO SECUNDARIO DE MATERIA - TERMINO TEMATICO
Término temático o nombre geográfico como elemento de entrada Especies amenazadas
9 (RLIN) 157
700 1# - ASIENTO SECUNDARIO - NOMBRE PERSONAL
Nombre personal Cásares, Ximena
Key for music Traductor
9 (RLIN) 79616
700 1# - ASIENTO SECUNDARIO - NOMBRE PERSONAL
Nombre personal Gonzaga, L. P.
Término de relación Autor
9 (RLIN) 79617
700 1# - ASIENTO SECUNDARIO - NOMBRE PERSONAL
Nombre personal Krabbe, N.
Término de relación Autor
9 (RLIN) 79618
700 1# - ASIENTO SECUNDARIO - NOMBRE PERSONAL
Nombre personal Madroño Nieto, A.
Término de relación Autor
9 (RLIN) 79619
700 1# - ASIENTO SECUNDARIO - NOMBRE PERSONAL
Nombre personal Naranjo, L. G.
Término de relación autor
9 (RLIN) 79620
700 1# - ASIENTO SECUNDARIO - NOMBRE PERSONAL
Nombre personal Parker, T. A.
Término de relación Autor
9 (RLIN) 79621
700 1# - ASIENTO SECUNDARIO - NOMBRE PERSONAL
Nombre personal Wege , D.
Término de relación Autor
9 (RLIN) 79622
942 ## - ELEMENTOS ADICIONALES (KOHA)
Tipo de ítem CD-ROM
Sistema de clasificación Local
Existencias
Withdrawn status Lost status Sistema de Clasificación Damaged status No para préstamo Colección Ubicación Permanente Ubicación actual Fecha de adquisición Total Checkouts Número topográfico Inventario / Código de Barras Date last seen Ejemplar Price effective from Forma de adquisición Tipo de material
    Local     Recursos electrónicos Bogotá Bogotá 03/05/2004   MM-00135 018336 25/03/2015 Ej. 1 25/03/2015 Donación CD-ROM
    Local     Recursos electrónicos Bogotá Bogotá 01/03/2017   MM-00135 042620 01/03/2017 Ej. 2 01/03/2017 Donación CD-ROM